Znalostní ekonomika - trendy rozvoje vzdělávání, vědy a praxe : Mezinárodní vědecká konference. Recenzovaný sborník příspěvků. Luhačovice, 29.11.2007

Salvato in:
Dettagli Bibliografici
Natura: Libro
Lingua:multilingua
Pubblicazione: Zlín : Univerzita Tomáše Bati ve Zlíne, 2007
Soggetti:
Tags: Aggiungi Tag
Nessun Tag, puoi essere il primo ad aggiungerne!!

MARC

LEADER 00000nam a22000003a 4500
001 stu153958
005 20150408182455.4
008 071211s2007----xr------------------mul-d
020 |a 978-80-7318-646-3 
040 |a STU  |b slo 
041 0 |a mul 
044 |a xr 
245 |a Znalostní ekonomika - trendy rozvoje vzdělávání, vědy a praxe :  |b Mezinárodní vědecká konference. Recenzovaný sborník příspěvků. Luhačovice, 29.11.2007 
260 |a Zlín :  |b Univerzita Tomáše Bati ve Zlíne,  |c 2007 
300 |a 143 s. +  |e 1 CD-ROM 
500 |a CD-ROM obsahuje plné texty príspevkov 
650 7 |a znalostná ekonomika  |2 stusub 
996 |b 284M067068  |c M*Z-3207  |l MMKN  |s A  |a 24  |w stu153958_0001 
996 |b 284M067067  |c M*CD-1188  |l MMKN  |s A  |a 24  |w stu153958_0002 
996 |b 284V036451  |c V*2116/sc-15  |l VVT  |s A  |a 24  |w stu153958_0003 
996 |b 284M067069  |c M*Z-3208  |l MMKN  |s A  |a 24  |w stu153958_0004 
996 |b 284M067066  |c M*CD-1189  |l MMKN  |s A  |a 24  |w stu153958_0005